00646nam a2200181 i 450000100060000000300090000600500170001500700030003200800410003510000240007624502080010025000250030826000430033330000220037670000160039870000290041485200210044372127ES-MaACL20230906171330.0t|040826s1922 sp ||||1| spa d1 aGilbert , Augustin.10aFormulario práctico de Terapéutica y de Farmacología / cpor A. Gilbert, Ch. Michel ; traducido y anotado de la vigésimonona edición francesa completamente refundida por Gustavo Reboles Campos. a28ª de. española. aMadrid : bBailly-Baillière, c1922. a944 p. ; c15 cm.1 aMichel, Ch.1 aReboles Campos, Gustavo. aES-MaACLjE-1241